000 00477nam a2200181Ia 4500
005 20250326125620.0
008 250326s9999 xx 000 0 und d
037 _aTextbook
040 _aFMSL
_beng
_cFMSL
041 _aeng
_2eng
084 _aY K81
_qFMSL
100 _aBennis W G
_9736321
245 0 _aTemporary society
_cBennis W G; Slater P E
260 _aNY
_bNY, Harper & Row
_c1968
300 _a147p
942 _cTB
_hY K81
999 _c1278810
_d1278810